Klicke die Länder auf einer grenzenlosen Karte an #3 - Statistiken

Allgemein
  • Dieses Quiz wurde 11.572 mal gespielt
  • Das Durchschnittsergebnis liegt bei 12 aus 25
Antworten auf der Karte
Die Antworten werden auf der Karte rot bzw. grün angezeigt, abhängig davon wie oft sie richtig erraten wurden.
 
Antwortstatistiken
Antwort % Korrekt
Spanien
98%
Vereinigte Staaten
95%
Madagaskar
90%
Südkorea
86%
Italien
83%
Kolumbien
76%
Philippinen
75%
Tunesien
71%
Zypern
57%
Bangladesch
51%
Dominikanische Republik
50%
Angola
44%
Oman
41%
Sudan
34%
Uruguay
34%
Singapur
31%
Ukraine
30%
Vereinigtes Königreich
29%
Myanmar
26%
Föderierte Staaten von Mikronesien
25%
Vanuatu
20%
Antigua und Barbuda
19%
Aserbaidschan
19%
Tansania
19%
Grenada
14%
Keine übereinstimmenden Quizze gefunden
Verteilung der Resultate
Anzahl Personen mit jedem Resultat
Perzentil nach korrekt beantworteten Fragen
Ihre Resultats-Entwicklung
Sie haben dieses Quiz noch nicht gespielt